Návrh metodiky procesných auditov v podniku LEONI Slovakia, s.r.o.

Enregistré dans:
Détails bibliographiques
Auteur principal: Marušincová, Petronela (Auteur)
Autres auteurs: Linczényi, Alexander (Directeur de thèse)
Format: Manuscrit Livre
Langue:slovaque
Publié: 2016
Sujets:
Accès en ligne:http://is.stuba.sk/zp/portal_zp.pl?podrobnosti=119102
Tags: Ajouter un tag
Pas de tags, Soyez le premier à ajouter un tag!

MARC

LEADER 00000ntm a22000003a 4500
001 stuzp57824
003 SK-STU
005 20160719155355.9
007 ta
008 150427s2015----xo-----f-mn---000-0-slo-d
040 |a STU  |b slo 
041 0 |a slo 
100 1 |a Marušincová, Petronela  |u 064000  |k Z4  |4 aut  |U MTF Materiálovotechnologická fakulta  |T MTF Ústav priemyselného inžinierstva a manažmentu  |X 62457  |U M4000  |Y 84  |7 A000062457 
242 0 1 |a Methodology proposal of process audits in the company LEONI Slovakia, s.r.o.  |y eng 
245 1 0 |a Návrh metodiky procesných auditov v podniku LEONI Slovakia, s.r.o. 
260 |c 2016 
650 4 |a audítori  |2 slo 
650 4 |a interné audity  |2 slo 
650 4 |a procesné audity  |2 slo 
650 4 |a systém manažérstva kvality  |2 slo 
650 4 |a auditors  |2 eng 
650 4 |a internal audits  |2 eng 
650 4 |a process audits  |2 eng 
650 4 |a quality management system  |2 eng 
700 1 |a Linczényi, Alexander  |4 ths  |X 3055  |7 A000003055 
856 4 |u http://is.stuba.sk/zp/portal_zp.pl?podrobnosti=119102 
996 |c M* DP-12900  |l MMKN  |s P  |a 0  |w stuzp57824_0001 
SQL |a stuzp57824  |b DDP  |c SLO  |d Návrh metodiky procesných auditov v podniku LEONI Slovakia, s.r.o.  |e 62457  |f Marušincová, Petronela  |g 064000  |h 3055  |i Linczényi, Alexander  |j 20160607  |k 183  |l 06  |m http://is.stuba.sk/zp/portal_zp.pl?podrobnosti=119102  |n I-IKP  |o 5.2.57. kvalita produkcie